Daňové a účtovné aspekty obstarania a financovania motorových vozidiel diplomová práca

Salvato in:
Dettagli Bibliografici
Autore principale: Demiger, Peter
Ente Autore: Národohospodárska fakulta EU. Katedra financií
Altri autori: Ihnatišinová, Denisa, 1983-
Natura: Libro
Lingua:slovacco
Pubblicazione: Bratislava 2020
Tags: Aggiungi Tag
Nessun Tag, puoi essere il primo ad aggiungerne!!

MARC

LEADER 00000nbm a2200000 4500
001 0264432
005 20200928143038.9
041 0 |a slo 
044 |a SK 
245 1 0 |a Daňové a účtovné aspekty obstarania a financovania motorových vozidiel  |b diplomová práca  |c Peter Demiger ; školiteľ: Denisa Ihnatišinová 
264 1 |a Bratislava  |c 2020 
300 |a 55 s. 
100 1 |a Demiger, Peter 
700 1 |a Ihnatišinová, Denisa, 1983- 
710 2 |a Národohospodárska fakulta EU. Katedra financií